[Event "Riazan Region-ch FL"]
[Site "Riazan"]
[Date "2011.01.02"]
[Round "?"]
[White "Frolov, Sergey V"]
[Black "Surkov, Mikhail"]
[Result "1-0"]
[WhiteElo "1867"]
[BlackElo "1933"]
[PlyCount "127"]
[EventDate "2011.01.02"]
[EventType "swiss"]
[EventRounds "9"]
[EventCountry "RUS"]
[SourceTitle "EXT 2022"]
[Source "ChessBase"]
[SourceDate "2021.10.06"]
[SourceVersion "1"]
[SourceVersionDate "2021.10.06"]
[SourceQuality "1"]

1. e4 e5 2. Nf3 d6 3. d4 Nf6 4. Bg5 Nbd7 5. Nbd2 Be7 6. c3 0-0 7. Bd3 h6 8. Bh4 c6 9. 0-0 Nh7 10. Bg3 Bf6 11. Re1 Qc7 12. Nf1 Re8 13. Ne3 Ndf8 14. Bc2 a5 15. a3 Ng6 16. d5 c5 17. c4 Bd7 18. Ba4 Reb8 19. Bxd7 Qxd7 20. a4 Bd8 21. Nc2 Nf6 22. Na3 Ne8 23. Nb5 Nc7 24. Nd2 Nxb5 25. cxb5 b6 26. Nc4 Bc7 27. Qd2 Re8 28. f4 f6 29. fxe5 fxe5 30. Rf1 Rf8 31. b3 Rxf1+ 32. Rxf1 Rf8 33. Rxf8+ Nxf8 34. Qf2 Qf7 35. Qxf7+ Kxf7 36. Kf2 Nd7 37. Kf3 g6 38. Bh4 g5 39. Be1 h5 40. Bd2 Kg6 41. Ne3 Nf6 42. Nf5 Nd7 43. Ne7+ Kf6 44. Nf5 Kg6 45. Ne7+ Kf6 46. Nc6 h4 47. Kg4 c4 48. Bxg5+ Kg7 49. bxc4 Nc5 50. Kf5 Nxa4 51. Ke6 Nc5+ 52. Kf5 a4 53. Bxh4 a3 54. Nb4 Nd3 55. Na2 Kf7 56. g4 Nf4 57. Be1 Bd8 58. Bb4 Be7 59. Bxa3 Ng6 60. g5 Kg7 61. Nc3 Nf8 62. Na4 Nd7 63. h4 Kf7 64. h5 1-0

[Event "Riazan Region-ch FL"]
[Site "Riazan"]
[Date "2011.01.02"]
[Round "?"]
[White "Kuziurova, Elena"]
[Black "Frolov, Sergey V"]
[Result "1/2-1/2"]
[WhiteElo "1966"]
[BlackElo "1867"]
[PlyCount "53"]
[EventDate "2011.01.02"]
[EventType "swiss"]
[EventRounds "9"]
[EventCountry "RUS"]
[SourceTitle "EXT 2022"]
[Source "ChessBase"]
[SourceDate "2021.10.06"]
[SourceVersion "1"]
[SourceVersionDate "2021.10.06"]
[SourceQuality "1"]

1. e4 e5 2. Nf3 Nc6 3. d4 exd4 4. Nxd4 Nf6 5. Nxc6 bxc6 6. e5 Qe7 7. Qe2 Nd5 8. b3 g5 9. Bb2 Bg7 10. c4 Nf4 11. Qe3 Ng6 12. Nd2 Bxe5 13. Bxe5 Qxe5 14. Qxe5+ Nxe5 15. Ne4 h6 16. h4 g4 17. Be2 f5 18. Ng3 d6 19. Nh5 Kf7 20. g3 Ng6 21. Kd2 Ne5 22. Rhf1 c5 23. f3 Ke7 24. Kc2 Kd7 25. fxg4 fxg4 26. Nf4 Kc6 27. Rae1 1/2-1/2